<?xml version="1.0" encoding="UTF-8"?>
<record
    xmlns:xsi="http://www.w3.org/2001/XMLSchema-instance"
    xsi:schemaLocation="http://www.loc.gov/MARC21/slim http://www.loc.gov/standards/marcxml/schema/MARC21slim.xsd"
    xmlns="http://www.loc.gov/MARC21/slim">

  <leader>02360nam a22003017a 4500</leader>
  <controlfield tag="003">DO-SdBNP</controlfield>
  <controlfield tag="005">20250621074010.0</controlfield>
  <controlfield tag="007">ta</controlfield>
  <controlfield tag="008">210824e2021    dr ac||er|||| 001 e spa d</controlfield>
  <datafield tag="020" ind1=" " ind2=" ">
    <subfield code="a">9789945871494, v.1</subfield>
  </datafield>
  <datafield tag="020" ind1=" " ind2=" ">
    <subfield code="a">9789945895803, v.2</subfield>
  </datafield>
  <datafield tag="040" ind1=" " ind2=" ">
    <subfield code="a">DO-SdBNP</subfield>
    <subfield code="b">spa</subfield>
    <subfield code="c">BNPHU</subfield>
  </datafield>
  <datafield tag="082" ind1=" " ind2="4">
    <subfield code="2">22</subfield>
    <subfield code="a">972.93053</subfield>
    <subfield code="b">A312e</subfield>
  </datafield>
  <datafield tag="245" ind1="0" ind2="3">
    <subfield code="a">El ajusticiamiento :</subfield>
    <subfield code="b">expediente del asesinato del ilustre Padre de la Patria Nueva, General&#xED;simo Doctor Rafael Le&#xF3;nidas Trujillo Molina /</subfield>
    <subfield code="c">editor Avelino Stanley.</subfield>
  </datafield>
  <datafield tag="260" ind1=" " ind2=" ">
    <subfield code="a">Santo Domingo :</subfield>
    <subfield code="b">CPEP, </subfield>
    <subfield code="b">Museo Memorial de la Resistencia Dominicana,</subfield>
    <subfield code="c">2021.</subfield>
  </datafield>
  <datafield tag="300" ind1=" " ind2=" ">
    <subfield code="a">2 v. :</subfield>
    <subfield code="b">il., retr. ;</subfield>
    <subfield code="c">25 cm.</subfield>
  </datafield>
  <datafield tag="500" ind1=" " ind2=" ">
    <subfield code="a">Incluye &#xED;ndice onom&#xE1;stico.</subfield>
  </datafield>
  <datafield tag="505" ind1="0" ind2=" ">
    <subfield code="a">v. 1 --</subfield>
    <subfield code="t">Preliminares --</subfield>
    <subfield code="t">30 de mayo, memoria contra el olvido /</subfield>
    <subfield code="r">Juan Pablo Uribe--</subfield>
    <subfield code="t">El 60 aniversario del ajusticiamiento del tirano /</subfield>
    <subfield code="r">Noris Gonz&#xE1;lez Mirabal--</subfield>
    <subfield code="t">Unas palabras antes de comenzar /</subfield>
    <subfield code="r">Luisa De Pe&#xF1;a D&#xED;az--</subfield>
    <subfield code="t">Presentaci&#xF3;n /</subfield>
    <subfield code="r">Franklin Franco--</subfield>
    <subfield code="t">Introducci&#xF3;n /</subfield>
    <subfield code="r">Francis Pou de Garc&#xED;a--</subfield>
    <subfield code="t">De la transcripci&#xF3;n--</subfield>
    <subfield code="t">Piezas de convicci&#xF3;n --</subfield>
    <subfield code="t">Autos y actos de procedimiento criminal --</subfield>
    <subfield code="t">&#xD3;rdenes de prisi&#xF3;n preventiva firmadas por el representante del Ministerio P&#xFA;blico, Dr. Teodoro Tejeda D&#xED;az--</subfield>
    <subfield code="t">&#xD3;rdenes de prisi&#xF3;n preventiva firmadas por el juez de instruci&#xF3;n Dr. Wilfredo Mej&#xED;a Alvarado --</subfield>
    <subfield code="t">Providencia calificativa del magistrado juez instructor, actos de notificaci&#xF3;n, orden de libertad de los descargados, auto de pase al magistrado procurador fiscal, &#xED;ndice del proceso--</subfield>
    <subfield code="t">Suplementarios.</subfield>
  </datafield>
  <datafield tag="505" ind1="0" ind2=" ">
    <subfield code="a">v. 2--</subfield>
    <subfield code="t">Preliminares--</subfield>
    <subfield code="t">1. Piezas relativas a las actualizaciones de los magistrados procurador fiscal del Distrito Nacional y procurador general de la Corte de Apelaci&#xF3;n de Ciudad Trujillo--</subfield>
    <subfield code="t">2. Interrogatorios hechos a los inculpados por el magistrado juez de instrucci&#xF3;n de la primera circunscripci&#xF3;n del Distrito Nacional --</subfield>
    <subfield code="t">Suplementarios --</subfield>
    <subfield code="t">&#xED;ndice onom&#xE1;stico.</subfield>
  </datafield>
  <datafield tag="590" ind1=" " ind2=" ">
    <subfield code="a">Inventariado 2021 / MF</subfield>
  </datafield>
  <datafield tag="600" ind1="1" ind2="0">
    <subfield code="a">Trujillo Molina, Rafael Le&#xF3;nidas, </subfield>
    <subfield code="d">1891-1961 </subfield>
    <subfield code="9">10869</subfield>
  </datafield>
  <datafield tag="650" ind1="1" ind2="4">
    <subfield code="a">Homicidio pol&#xED;tico</subfield>
    <subfield code="z">Rep&#xFA;blica Dominicana</subfield>
    <subfield code="9">11383</subfield>
  </datafield>
  <datafield tag="651" ind1="1" ind2="0">
    <subfield code="a">Rep&#xFA;blica Dominicana</subfield>
    <subfield code="x">Pol&#xED;tica y gobierno</subfield>
    <subfield code="9">45</subfield>
  </datafield>
  <datafield tag="700" ind1="1" ind2="2">
    <subfield code="a">Stanley, Avelino,</subfield>
    <subfield code="d">1959-</subfield>
    <subfield code="e">ed.</subfield>
    <subfield code="9">1536</subfield>
  </datafield>
  <datafield tag="710" ind1="1" ind2=" ">
    <subfield code="a">Rep&#xFA;blica Dominicana</subfield>
    <subfield code="b">Comisi&#xF3;n Permanente de Efem&#xE9;rides Patria</subfield>
    <subfield code="9">45309</subfield>
  </datafield>
  <datafield tag="910" ind1=" " ind2=" ">
    <subfield code="a">Validado. Control de calidad MFF</subfield>
  </datafield>
  <datafield tag="942" ind1=" " ind2=" ">
    <subfield code="2">ddc</subfield>
    <subfield code="c">LBS1</subfield>
  </datafield>
  <datafield tag="952" ind1=" " ind2=" ">
    <subfield code="0">0</subfield>
    <subfield code="1">0</subfield>
    <subfield code="2">ddc</subfield>
    <subfield code="5">1</subfield>
    <subfield code="7">0</subfield>
    <subfield code="8">PD</subfield>
    <subfield code="a">BNPHU</subfield>
    <subfield code="b">PD</subfield>
    <subfield code="c">HD</subfield>
    <subfield code="d">2021-07-08</subfield>
    <subfield code="e">Dep&#xF3;sito Legal</subfield>
    <subfield code="l">0</subfield>
    <subfield code="o">BNPHU PD 972.93053 A312e</subfield>
    <subfield code="p">2021-25656</subfield>
    <subfield code="r">2021-08-24</subfield>
    <subfield code="t">v.1</subfield>
    <subfield code="w">2021-08-24</subfield>
    <subfield code="y">LFPD</subfield>
  </datafield>
  <datafield tag="952" ind1=" " ind2=" ">
    <subfield code="0">0</subfield>
    <subfield code="1">0</subfield>
    <subfield code="2">ddc</subfield>
    <subfield code="5">1</subfield>
    <subfield code="7">0</subfield>
    <subfield code="8">PD</subfield>
    <subfield code="a">BNPHU</subfield>
    <subfield code="b">PD</subfield>
    <subfield code="c">HD</subfield>
    <subfield code="d">2021-07-08</subfield>
    <subfield code="e">Dep&#xF3;sito Legal</subfield>
    <subfield code="l">0</subfield>
    <subfield code="o">BNPHU PD 972.93053 A312e</subfield>
    <subfield code="p">2021-25657</subfield>
    <subfield code="r">2021-08-24</subfield>
    <subfield code="t">v.1, e.2</subfield>
    <subfield code="w">2021-08-24</subfield>
    <subfield code="y">LFPD</subfield>
  </datafield>
  <datafield tag="952" ind1=" " ind2=" ">
    <subfield code="0">0</subfield>
    <subfield code="1">0</subfield>
    <subfield code="2">ddc</subfield>
    <subfield code="5">6</subfield>
    <subfield code="7">0</subfield>
    <subfield code="8">DS</subfield>
    <subfield code="a">BNPHU</subfield>
    <subfield code="b">DO</subfield>
    <subfield code="c">HD</subfield>
    <subfield code="d">2021-07-08</subfield>
    <subfield code="e">Dep&#xF3;sito Legal</subfield>
    <subfield code="l">0</subfield>
    <subfield code="o">BNPHU DS 972.93053 A312e</subfield>
    <subfield code="p">2021-25658</subfield>
    <subfield code="r">2021-08-24</subfield>
    <subfield code="t">v.1, e,3</subfield>
    <subfield code="w">2021-08-24</subfield>
    <subfield code="y">LFDS</subfield>
  </datafield>
  <datafield tag="952" ind1=" " ind2=" ">
    <subfield code="0">0</subfield>
    <subfield code="1">0</subfield>
    <subfield code="2">ddc</subfield>
    <subfield code="5">1</subfield>
    <subfield code="7">0</subfield>
    <subfield code="8">PD</subfield>
    <subfield code="a">BNPHU</subfield>
    <subfield code="b">PD</subfield>
    <subfield code="c">HD</subfield>
    <subfield code="d">2021-07-08</subfield>
    <subfield code="e">Dep&#xF3;sito Legal</subfield>
    <subfield code="l">0</subfield>
    <subfield code="o">BNPHU PD 972.93053 A312e</subfield>
    <subfield code="p">2021-25660</subfield>
    <subfield code="r">2021-08-24</subfield>
    <subfield code="t">v.2</subfield>
    <subfield code="w">2021-08-24</subfield>
    <subfield code="y">LFPD</subfield>
  </datafield>
  <datafield tag="952" ind1=" " ind2=" ">
    <subfield code="0">0</subfield>
    <subfield code="1">0</subfield>
    <subfield code="2">ddc</subfield>
    <subfield code="5">1</subfield>
    <subfield code="7">0</subfield>
    <subfield code="8">PD</subfield>
    <subfield code="a">BNPHU</subfield>
    <subfield code="b">PD</subfield>
    <subfield code="c">HD</subfield>
    <subfield code="d">2021-07-08</subfield>
    <subfield code="e">Dep&#xF3;sito Legal</subfield>
    <subfield code="l">0</subfield>
    <subfield code="o">BNPHU PD 972.93053 A312e</subfield>
    <subfield code="p">2021-25663</subfield>
    <subfield code="r">2021-08-24</subfield>
    <subfield code="t">v.2, e.2</subfield>
    <subfield code="w">2021-08-24</subfield>
    <subfield code="y">LFPD</subfield>
  </datafield>
  <datafield tag="952" ind1=" " ind2=" ">
    <subfield code="0">0</subfield>
    <subfield code="1">0</subfield>
    <subfield code="2">ddc</subfield>
    <subfield code="5">6</subfield>
    <subfield code="7">0</subfield>
    <subfield code="8">DS</subfield>
    <subfield code="a">BNPHU</subfield>
    <subfield code="b">DO</subfield>
    <subfield code="c">HD</subfield>
    <subfield code="d">2021-10-22</subfield>
    <subfield code="e">Dep&#xF3;sito Legal</subfield>
    <subfield code="l">0</subfield>
    <subfield code="o">BNPHU DS 972.93053 A312e</subfield>
    <subfield code="p">2021-27585</subfield>
    <subfield code="r">2021-10-22</subfield>
    <subfield code="t">v.2, e.3</subfield>
    <subfield code="w">2021-10-22</subfield>
    <subfield code="y">LFDS</subfield>
  </datafield>
  <datafield tag="999" ind1=" " ind2=" ">
    <subfield code="c">50266</subfield>
    <subfield code="d">50266</subfield>
  </datafield>
</record>
